000 00667nam a2200241Ia 4500
003 OSt
005 20220925220037.0
006 a|||||r|||| 00| 0
007 ta
008 220923b |||||||| |||| 00| 0 eng d
037 _cGeneral Book
040 _aRTL
_cRTL
_beng
041 _2eng
_aeng
082 _aXxL66, A
100 _aMalthus T R
245 0 _aReply to the essay on population
_b In a series of l
260 _aLondon
_bLongman
_c1807
300 _a378p
_ccm.
490 _aReprinted of Economic Classics
500 _aReprinted: NY, Kelley,1967
942 _hXxL66, A
_cGB
_2CC
999 _c570371
_d570371